Statystyki dla ZWIERZĘTA na literę L

Kliknij tutaj aby rozwiązać quiz!

Ogólne statystyki

  • Ten quiz został rozwiązany 74 razy
  • Średni wynik to 8 z 13

Statystyki odpowiedzi

Odpowiedź% Poprawnych
Lew afrykański
100%
Lis rudy
98%
Lama andyjska
97%
Leniwiec trójpalczasty
97%
Lemur katta
94%
Lampart plamisty
91%
Legwan zielony
66%
Likaon pstry
58%
Leszcz
46%
Leming norweski
29%
Lelek kozodój
18%
Lotopałanka karłowata
11%
Lipień pospolity
6%

Rozkład punktacji

Percentyl według liczby udzielonych odpowiedzi

Procent ludzi z każdym wynikiem

Twoja historia wyników

Nie rozwiązałeś tego quizu